000 00603nam a22001937a 4500
999 _c371741
_d371741
008 201127b ||||| |||| 00| 0 eng d
040 _aDE-2950
_bger
_cDE-2950
_erda
041 _ager
245 _aStartklappe statt Schießpulver.
_cthg
264 _c2022
653 _aFrankfurt (Oder)
653 _aHansestadtfest
653 _aFrey Faehnleyn
773 _dFrankfurt (Oder) Märkisches Verlags- und Druckhaus GmbH & Co KG
_tMärkische Oderzeitung
_g33. Jahrgang (2022) Nr. 159 vom 11.07.2022, S. 11: Foto
942 _cA